Trouvez les pays frontaliers - France - Statistiques

Statistiques générales
  • Ce quiz a été pris 100 fois
    97 depuis la dernière actualisation
  • Le résultat moyen est 10 sur 11
Statistiques - réponses
Longueur de leur frontière commune Pays % Correct
685 km Espagne
100%
515 km Italie
100%
572 km Suisse
98%
451 km Allemagne
96%
620 km Belgique
95%
730 km Brésil (Guyane)
94%
73 km Luxembourg
94%
57 km Andorre
89%
5,5 km Monaco
89%
10 km Pays-Bas (Saint-Marin)
66%
510 km Suriname (Guyane)
64%
Aucun quiz correspondant
Distribution des résultats
% des personnes avec chaque résultat
Percentile par nombre de réponses
Votre historique - résultats
Vous n’avez pas pris ce quiz depuis la dernière actualisation